000 00558nam a22001577a 4500
003 ASAB
005 20180827062829.0
008 180509t xxu||||| |||| 00| 0 eng d
040 _cASAB
100 _aWaqas Nasir Chaudhry-Sup-Dr. Ishtiaq Qadri
_93795
245 _aMS-TH-Isolation and Partial Characterization of Virulent Bacteriophages Specific for Cittrobacter Freundii
_cWaqas Nasir Chaudhry-Sup-Dr. Ishtiaq Qadri
260 _aIslamabad
_bASAB (NCVI)
_c2010
300 _axvii,74 P
_b30 cm
630 _aVirology and Immunology
_93796
942 _2ddc
_cTH
999 _c480797
_d480797